00690nam a2200193 i 450000100060000000300090000600500170001500700030003200800410003510000350007624501080011126000500021930000220026949000460029150000500033770000330038783000460042085200300046642647ES-MaACL20250904061106.0t|030313s1931 sp ||||1| spa d1 aCastro, Alfonso de,d1495-155813aLa fuerza de la Ley Penal / cAlfonso de Castro ; traducción del profesor Laureano Sánchez Gallego. aMurcia : b[s.n.], c1931 (fSucs. de Nogues) a444 p. ; c25 cm.1 aPublicaciones de la Universidad de Murcia aTexto a dos columnas en latín y castellano.1 aSánchez Gallego, Laureano.0 aPublicaciones de la Universidad de Murcia aES-MaACLjP-926 bR.19440